000 00976cam a2200289 4500
008 090401t1995 xxu||||| |||| 00| 0 eng d
020 _a0117530077
035 _a(Sirsi) u76517
041 _aeng
050 _a711.4
110 _aUnited Kingdom
_bDepartment of the Environment
_9982
245 _aCommunity involvement in planning and development processes.
260 _aLondon
_bHMSO
_c1995
300 _avii,71p. ; 30cm.
350 _a17
490 _aPlanning (for the Natural and Built Environment)
_vResearch Programme
520 _aStudy commissioned by the DoE from BDOR Ltd. in association with Newcastle Architectural Workshop and the Planning Cooperative.
650 _aBDOR LTD.
650 _aCOMMUNITY INVOLVEMENT
650 _aDEVELOPMENT PLANS
650 _aDEVELOPMENT PROCESSES
650 _aNEWCASTLE ARCHITECTURE WORKSHOP
650 _aPLANNING COOPERATIVE
690 _aPLANNING LAW AND PRACTICE
942 _n0
948 _c04/03/1997
999 _c96195
_d96195